Footballers by Picture - United States of America (USA) - Statistics

General Stats
  • This quiz has been taken 93 times
  • The average score is 10 of 20
Answer Stats
Picture Answer % Correct
Christian Pulisic
100%
Landon Donovan
94%
Clint Dempsey
90%
Tim Howard
89%
Weston McKennie
77%
Alex Morgan
62%
DeAndre Yedlin
56%
Michael Bradley
56%
Brad Friedel
50%
Jozy Altidore
44%
DaMarcus Beasley
39%
Hope Solo
39%
Claudio Reyna
33%
Mia Hamm
30%
Cobi Jones
26%
Brian McBride
24%
Carli Lloyd
21%
Kasey Keller
20%
Kyle Beckerman
15%
Becky Sauerbrunn
4%
No matching quizzes found
Score Distribution
Percent of People with Each Score
Percentile by Number Answered
Your Score History
You have not taken this quiz